00774nam a22002417a 4500003000500000005001700005008004100022010001000063011001000073035001000083040000900093082001800102100002500120245004700145250001000192260002900202500011300231500008700344650001600431650004100447700002400488700002000512CHAP20220329140527.0971013s1982 us r 00010 eng d a53358 a54330 a58481 cCHAP04a580bW46 198200aWeir, Thomas Elliot.1 aBotanyb: an introduction to plant biology a6 ed. aNew York :bWiley,c1982 aBarbour, Michael G. Laboratory studies in botany, by M.G.B. (and others) 6 ed. New York, Wiley, 1982. 163 p. aPolito, Vito S. Study guide to acompany botany. 6 ed. New York, Wiley, 1982 274 p.14aBotánica.14aBotánicaxManuales de laboratorio.0 aBarbour, Michael G.0 aPolito, Vito S.